A bizalom és együttműködés szerepe a vállalati gyakorlatban

Elmentve itt :
Bibliográfiai részletek
Szerző: Szikora Szimonetta Klára
További közreműködők: Henkey István (Témavezető)
Dokumentumtípus: Szakdolgozat
Megjelent: 2012
Tárgyszavak:
Online Access:http://diploma.bibl.u-szeged.hu/57205
LEADER 00694nta a2200169 i 4500
001 dipl57205
005 20180223113600.0
008 160607s2012 hu om 0|| hun d
040 |a SZTE Diploma Repozitórium  |b hun 
041 |a hun 
100 1 |a Szikora Szimonetta Klára 
245 1 2 |a A bizalom és együttműködés szerepe a vállalati gyakorlatban  |h [elektronikus dokumentum] /  |c Szimonetta Klára Szikora 
246 1 0 |a The role of trust and cooperation in enterprise practice  |h [elektronikus dokumentum] 
260 |c 2012 
650 4 |a Gazdaságtudományok 
700 1 |a Henkey István  |e ths 
856 4 0 |u http://diploma.bibl.u-szeged.hu/id/eprint/57205/1/2012_szikora_szimonetta_klara.pdf  |z Dokumentum-elérés